Aid for trade at a glance 2009 : maintaining momentum.

Bibliographic Details
Corporate Authors: World Trade Organization (WTO), Organization for Economic Co-operation and Development (OECD)
Format: Book
Published: [S.l]: [s.n], 2009.
Subjects:
LEADER 00597cam a2200169 7i4500
001 0000024258
005 20100309090000.0
020 0 0 |a 978-92-87-03525-7  
090 0 0 |a I 338.9   |b WOR 
110 2 0 |a World Trade Organization (WTO) 
245 2 0 |a Aid for trade at a glance 2009 :   |b maintaining momentum. 
260 0 0 |a [S.l]:   |b [s.n],   |c 2009. 
300 # # |a 295 p. 
650 0 0 |a Economic assistance --   |x Developing countries  
650 0 0 |a Developing countries --   |x Business  
710 2 1 |a Organization for Economic Co-operation and Development (OECD)  
999 |a 0000026095  |b Book  |c International  |e Business Information Centre